| 000 | 00869nam a22002417a 4500 | ||
|---|---|---|---|
| 001 | 33086 | ||
| 003 | UA-OsUOA | ||
| 005 | 20211012161914.0 | ||
| 007 | ta | ||
| 008 | 20050311b un ||||| |||| 00| 0 ukr d | ||
| 020 | _a9669572258 | ||
| 040 |
_aUA-OsUOA _bukr _cUA-OsUOA _dUA-OsUOA |
||
| 041 | _aukr | ||
| 044 | _aUA | ||
| 080 | _a021:34 | ||
| 090 |
_a021:34 _bБ59 |
||
| 245 |
_aБібліотечно-інформаційне законодавство _bнавч.-метод. матеріали для студ. і практикантів спец. 7.02012 "Книгознавство, бібліотекознавство, бібліографія" |
||
| 260 |
_aРівне _bОвід _c2003 |
||
| 300 | _a128 с. | ||
| 650 | 7 |
_2UDC _a021 Функції, значення, цінність, розвиток бібліотек |
|
| 942 |
_cBK _2udc |
||
| 955 | _a2 | ||
| 999 |
_c319543 _d319543 |
||